| 000 | 01588nam a22003977a 4500 | ||
|---|---|---|---|
| 003 | CHAP | ||
| 005 | 20220817044239.0 | ||
| 008 | 011509s2008 mx a r 00010 spa d | ||
| 010 | _a95657 | ||
| 011 | _a96629 | ||
| 035 | _a107285 | ||
| 040 | _cCHAP | ||
| 090 | _aTesis | ||
| 100 | 1 |
_aRico Guevara, Jeamy Fabiola _997326 |
|
| 245 | 1 | 0 |
_aValoración de la percepción social del plan rector de producción y conservación (PRPC) de cuatro microcuencas del municipio de Atemajac de Brizuela, Jalisco _c/por Jeamy Fabiola Rico Guevara y Rodrigo Muñoz Tinoco |
| 260 |
_aChapingo, Méx. : _bEl autor, _c2008 |
||
| 300 |
_av, 119 h. : _bilus., cuadros, gráfs. |
||
| 502 | _aTesis ( Ing. en Recursos Naturales Renovables) -- UACH. Departamento de Suelos | ||
| 590 |
_aALEPH _b10 _c20130110 _lUCH01 _h1525 |
||
| 590 |
_aBATCH-UPD _b10 _c20130110 _lUCH01 _h0410 |
||
| 590 |
_aBATCH-UPD _b10 _c20130110 _lUCH01 _h2014 |
||
| 590 |
_aBATCH-UPD _b10 _c20130410 _lUCH01 _h0044 |
||
| 590 |
_aBATCH-UPD _b10 _c20130914 _lUCH01 _h0314 |
||
| 590 |
_aCONVERSION _b10 _c20130109 _lUCH01 _h1353 |
||
| 650 | 1 | 4 |
_aAgua _xAbastecimiento rural. _92277 |
| 650 | 1 | 4 |
_aCuencas hidrológicas. _930092 |
| 650 | 1 | 4 |
_aCuencas. _930085 |
| 650 | 1 | 4 | _aErosión hídrica. |
| 650 | 1 | 4 |
_aPresas de tierra. _991510 |
| 650 | 1 | 4 |
_aRecursos naturales _xConservación _xJalisco. _995239 |
| 700 | 1 |
_aMuñoz Tinoco, Rodrigo. _979688 |
|
| 901 | _aBK | ||
| 942 | _cFOLL | ||
| 949 |
_aTesis _bBC _cTES _d33724002081371 _eTS1 _gDonaciØn _h48469 _i107285 _sb |
||
| 949 |
_aTesis _bBC _cTES _d33724002081413 _eTS2 _fc.2 _gDonaciØn _h48470 _i107285 _sb |
||
| 999 |
_c95657 _d95657 |
||